British newspaper history : (Record no. 43835)

MARC details
000 -LEADER
fixed length control field 00993cpcaa2200229 4500
001 - CONTROL NUMBER
control field mm 82098129
003 - CONTROL NUMBER IDENTIFIER
control field DLC
005 - DATE AND TIME OF LATEST TRANSACTION
control field 20260227111718.0
008 - FIXED-LENGTH DATA ELEMENTS--GENERAL INFORMATION
fixed length control field 850606|||||||||||| eng
010 ## - LIBRARY OF CONGRESS CONTROL NUMBER
LC control number mm 82098129
040 ## - CATALOGING SOURCE
Original cataloging agency DLC
Transcribing agency DLC
Description conventions dacs
Modifying agency DLC
072 #7 - SUBJECT CATEGORY CODE
Subject category code C
Source lcmd
245 00 - TITLE STATEMENT
Title British newspaper history :
Form manuscript,
Inclusive dates circa 1827.
300 ## - PHYSICAL DESCRIPTION
Extent 1
Type of unit item.
300 ## - PHYSICAL DESCRIPTION
Extent 1
Type of unit container.
506 0# - RESTRICTIONS ON ACCESS NOTE
Terms governing access Open to research.
520 8# - SUMMARY, ETC.
Summary, etc. Corrected draft by an unknown person containing notices or notes on circa fifty English newspapers "at present published, metropolitan as well as provincial..." Includes comments on circulation, layout and appearance, and political leanings. With index.
546 ## - LANGUAGE NOTE
Language note Collection material in English.
650 #0 - SUBJECT ADDED ENTRY--TOPICAL TERM
Topical term or geographic name entry element British newspapers
Geographic subdivision 19th century.

No items available.

Powered by Koha